Automobil ako luxus
Slovenský trh s automobilmi. Odbyt vozidiel na Slovensku a stupeň motorizácie. Stupeň motorizácie v kandidátskych krajinách. Priemerný vek vozidiel na slovenských cestách. Odpočet DPH na motorové vozidlá. Súčasná situácia na Slovensku z daňového pohľadu.
Salvato in:
| Autore principale: | |
|---|---|
| Natura: | Capitolo di libro |
| Lingua: | slovacco |
| Soggetti: | |
| Tags: |
Nessun Tag, puoi essere il primo ad aggiungerne!!
|
MARC
| LEADER | 00000naa$a2200000$$$4500 | ||
|---|---|---|---|
| 001 | 0005022 | ||
| 005 | 20230926070355.1 | ||
| 041 | 0 | |a slo | |
| 044 | |a SK | ||
| 245 | 1 | 0 | |a Automobil ako luxus |c aut. Jozef Hübel |
| 520 | |a Slovenský trh s automobilmi. Odbyt vozidiel na Slovensku a stupeň motorizácie. Stupeň motorizácie v kandidátskych krajinách. Priemerný vek vozidiel na slovenských cestách. Odpočet DPH na motorové vozidlá. Súčasná situácia na Slovensku z daňového pohľadu. | ||
| 610 | 2 | 0 | |a automobily |
| 610 | 2 | 0 | |a motorizmus |
| 610 | 2 | 0 | |a produkcia |
| 610 | 2 | 0 | |a odbyt |
| 610 | 2 | 0 | |a porovnanie medzinárodné |
| 610 | 2 | 0 | |a Slovensko |
| 610 | 2 | 0 | |a Európska únia |
| 610 | 2 | 0 | |a motorizácia |
| 100 | 1 | |a Hübel, Jozef | |